| 000 | 00455nam a2200157 i 4500 | ||
|---|---|---|---|
| 001 | 22604 | ||
| 003 | ES-MaACL | ||
| 005 | 20230906152726.0 | ||
| 007 | t| | ||
| 008 | 021203s1971 sp ||||1| spa d | ||
| 100 | 1 |
_aAlvarez-Novoa, Carlos. _920894 |
|
| 245 | 1 | 3 |
_aLa justicia en el antiguo Reino de Mallorca / _cCarlos Alvarez-Novoa. |
| 260 |
_aPalma de Mallorca : _b[s.n.], _c1971. |
||
| 300 |
_a223 p. ; _c24 cm. |
||
| 852 |
_aES-MaACL _jC-43513 _bR.80641 |
||
| 999 |
_c22604 _d22604 |
||